Responses for Show #1377 - Tuesday, September 4, 1990

Contestants

[<< previous game]

Jim Johnson, an attorney from Des Moines, Iowa

Dave Jeffery, a political consultant from Fairfax, Virginia

Peter Bedrossian, an academic counselor from Poughkeepsie, New York (whose 1-day cash winnings total $8,800)

[next game >>]

Jeopardy! Round responses

MODERN HISTORY
CELEBRITY AUTOBIOGRAPHIES
DESIGN
OPERA
INTERNATIONAL BUSINESS
WORDS WITHIN WORDS
(Alex: You must guard against giving too much information.)
    $100 1
Los Angeles

Peter
    $100 6
Shirley Temple (Black)

Dave
    $100 10
Pentagon

Peter
    $100 26
Barber

Dave
    $100 7
Mercedes-Benz

Jim
    $100 12
lap

Peter
    $200 2
SS

Dave
    $200 16
Kareem Abdul-Jabbar

Dave
    $200 11
(Peter: What is a day bed?)

trundle bed

PeterJim
    $200 27
Carmen

Jim
    $200 8
El Al

Peter
    $200 13
tag

Peter
    $300 3
Syria

Peter
    $300 17
(Patty) Hearst

Dave
    $300 20
Fabergé

Peter
    $300 30
Bride

Peter
    $300 9
Marks & Spencer

Triple Stumper
    $300 14
ram

Jim
    $400 4
Ireland

Peter
    $400 18
Chuck Yeager

Peter
    $400 21
Ottoman

Dave
    $400 29
Archy & Mehitabel

Peter
    $400 22
Johnny Cash

Dave
    $400 15
limb

Dave
    $500 5
(Dave: Who is [sounded like] Frigensky?)

József Cardinal Mindszenty

Dave
Triple Stumper
    $500 19
(Peter: Who is Silverman?)

Fred de Cordova

Peter
Triple Stumper
    $500 25
newel post

Peter
    $500 28
(Jim: What is des Nibelungen?)

Lohengrin

Jim
Triple Stumper
    $1,000 23
Martin

Dave
    $500 24
(Alex: We have a minute to go.)

fur

Jim

Scores at the first commercial break (after clue 14):

Peter Dave Jim
$1,200 -$200 $600

Scores at the end of the Jeopardy! Round:

Peter Dave Jim
$2,600 $2,600 $800

Double Jeopardy! Round responses

WORLD GEOGRAPHY
NEWSPAPERS
FLOWERS & TREES
ROYALTY
AWARDS
ANIMALS IN LITERATURE
    $200 7
Finland

Peter
    $200 12
slavery

Dave
    $200 17
marigold

Dave
    $200 26
Spain

Triple Stumper
    $200 6
apple

Dave
    $200 1
(Jim: What is a frog?)
(Peter: What is a turtle?)

newt

PeterJim
Triple Stumper
    $400 8
Sahara

Jim
    $400 13
Denver

Jim
    $400 18
(Peter: What is a billabong?)

eucalyptus

PeterJim
    $400 27
Marie Antoinette

Dave
    $400 22
Red Cross

Peter
    $400 2
Rikki-Tikki-Tavi

Jim
    $600 9
Pampas

Jim
    $600 16
(Peter: What is Harper's Weekly?

New York Times

Peter
Triple Stumper
    $600 19
maple

Jim
    $600 28
Catherine of Aragon & Anne Boleyn

Jim
    $600 23
A Streetcar Named Desire

Dave
    $600 3
Bell, Book and Candle

Peter
    $800 10
Soviet Union

Dave
    $800 15
Chicago Tribune

Jim
    $800 20
cork

Triple Stumper
    $800 29
Queen Christina

Triple Stumper
    $1,200 24
(Alex: Well done, a minute to go.)

Economics

Dave
    $800 4
(1 of) The Seagull (Swansong or The Bear)

Peter
    $1000 11
Bois de Boulogne

Dave
    $1000 14
Kansas City Star

Jim
    $1000 21
forcing

Dave
    $1000 30
Belgium

Jim
    $1000 25
Stephen Vincent Benét

Triple Stumper
    $1000 5
Eloise

Triple Stumper

Scores at the end of the Double Jeopardy! Round:

Peter Dave Jim
$3,400 $8,200 $6,800

[wagering suggestions for these scores]

Final Jeopardy! Round responses

THE BIBLE
PeterWhat was the flood
$2,500
JimWhat was the flood?
$3,999
DaveWhat was the great flood?
$5,401
flood

Final scores:

Peter Dave Jim
$5,900 $13,601 $10,799
3rd place: Novatel cellular telephone + Jeopardy! home game or Jeopardy! Challenger New champion: $13,601 2nd place: CSR 286 computer & Baldwin brass desk accessories + Jeopardy! home game or Jeopardy! Challenger

Game dynamics:

Coryat scores:

Peter Dave Jim
$3,400 $7,300 $6,800
16 R
(including 1 DD),
5 W
18 R
(including 2 DDs),
1 W
15 R,
2 W

Combined Coryat: $17,500

[game clues] [game scores] [suggest correction]

Game tape date: 1990-07-30
The J! Archive is created by fans, for fans. Scraping, republication, monetization, and malicious use prohibited; this site may use cookies and collect identifying information. See terms. The Jeopardy! game show and all elements thereof, including but not limited to copyright and trademark thereto, are the property of Jeopardy Productions, Inc. and are protected under law. This website is not affiliated with, sponsored by, or operated by Jeopardy Productions, Inc. Join the discussion at JBoard.tv.